00282nam a2200121Ia 4500008004100000100001900041245001500060260003200075300000900107650002000116942000700136999001700143190216s9999||||xx |||||||||||||| ||und|| aVivekanandan G 0aRaga Pooja bPoorna Pubs Kozhikodec1978 a310p aMalayalam Novel cBK c26886d26886